01091cam a22002771 4500001001300000003000400013005001700017008004100034010001700075035001900092040002700111042001200138050001500150082001200165110004100177245015700218260005600375300001800431500006500449505012900514650003600643650003400679710005000713700003300763999001700796z 01000165 DLC20260227112812.0770909m18641899au b 001 0 lat  az 01000165  a(OCoLC)3252414 aDLCcAzTeSdAzTeSdDLC apremarc00aZ6621b.V6 a016.0912 aÒˆsterreichische Nationalbibliothek10aTabvlae codicvm manv scriptorvm praeter graecos et orientales in Bibliotheca palatina vindobonensi asservatorvmcEdidit Academia caesarea vindobonensis. aVindobonae,bvenvm dat C. Geroldi filivs,c1864-99. a10 v.c24 cm. aVol. 8 has imprint: Vindobonae, venvm dat F. Tempsky, 1893.0 av.1-8. Cod. 1-15500. 1864-93.--v.9-10. Cod. 15501-*19500: Codicvm musicorvm pars I-II. [Descripsit J. Mantuani] 1897-99. 0aManuscriptszAustriavCatalogs. 0aMusicxManuscriptsvCatalogs.2 aÒˆsterreichische Akademie der Wissenschaften1 aMantuani, Josef,d1860-1933. c92429d92429